| 000 | 00538nam a2200241Ia 4500 | ||
|---|---|---|---|
| 008 | 160803s9999 xx 000 0 und d | ||
| 020 | _a978-1416939405 | ||
| 100 | _aPaulsen, Gary. | ||
| 245 | _aTracker / | ||
| 245 | _cGary Paulsen. | ||
| 260 | _aNew York : | ||
| 260 | _bScholastic Inc. | ||
| 260 | _c1984 | ||
| 300 | _a90 pages ; | ||
| 300 | _c20 cm. | ||
| 650 | _aDeer -- | ||
| 650 | _aHunting -- | ||
| 650 | _aMinnesota -- | ||
| 650 | _xFiction. | ||
| 650 | _xFiction. | ||
| 650 | _xFiction. | ||
| 700 | _a1010 | ||
| 999 |
_c298076 _d298076 |
||